La Audiencia previa

Detalles Bibliográficos
Otros Autores: Abel Lluch, Xavier, Pic ̤i Junoy, Joan
Formato: Libro
Lenguaje:español
Publicado: Barcelona : Bosch, 2010
Colección:Bosch procesal
Materias:
Acceso en línea:Acceso restringido

MARC

LEADER 00000nam a2200000 a 4500
005 20111223144117.0
007 cr|||| ||||
008 100308s2010 spc||||f |||| 000 0 spa c
017 |a DL B. 5786-2010  |a DL B. 5959-2010  |b Biblioteca de Catalunya 
020 |a 9788476988961 
035 |a 4952 
040 |d vLex 
043 |a e-sp--- 
080 |a 347.9(460) 
090 |c 2877  |d 2877 
245 0 3 |a La Audiencia previa   |h [Recurso electrn̤ico] /  |c Xavier Abel Lluch, Joan Pic ̤i Junoy, directores 
256 |a Servicio en ln̕ea 
260 |a Barcelona :  |b  Bosch,  |c  2010 
300 |a 1 recurso electrn̤ico 
500 |a Reimpresiones: 2010 
504 |a Referencias bibliogrf̀icas 
506 1 |a Contenido solo disponible en los productos indicados  |d vLex Global   |d vLex Global (Academic Edition, excluding Law Schools)   |d vLex Global (U.S. Academic Edition, Law Schools)   |d vLex Global (U.S. Academic Edition, excluding Law Schools)   |d vLex Global (Academic Edition, Law Schools)  
650 0 4 |a Procedimiento civil  |z Espaą 
650 0 4 |a Conciliacin̤ (Procedimiento civil)  |z Espaą 
650 0 4 |a Audiencia  |z Espaą 
700 1 |a Abel Lluch, Xavier 
700 1 |a Pic ̤i Junoy, Joan 
740 0 |a vLex Libros (Servicio en ln̕ea) 
830 0 |a Bosch procesal 
856 4 0 |u http://vlex.com/source/audiencia-previa-4952  |z Acceso restringido 
942 |c BOOK 
999 0 |a Conciliation (Civil procedure) 
999 0 |a  Civil law